000 00646nam a2200205 a 4500
001 000026430
005 20240530073919.0
008 110317s2001 dr 000 0 spa d
040 _aDO-SdBNP
_bspa
_cBNPHU
082 _aRD863.44
_bM538e
100 1 _aMéndez, Abraham,
_d1961-
_953477
245 1 3 _aEl sueño de Gala :
_bnovela /
_cAbraham Méndez.
260 _a[s.l.] :
_bCOQUISA,
_c2001.
300 _a87 p. ;
_c21 cm.
500 _aIncluye datos biográfico del autor : p. i-iv
590 _aInventariado, 2019/MFF
650 0 _aNovela dominicana
_9223
650 0 _aLiteratura dominicana.
_967
910 _aValidado. Control de calidad MFF
999 _c25922
_d25922